000 01329nam0a22002651 4500
001 rc\4578390
005 20260408075112.0
021 _aRU
_b[68-82617]
035 _a(NLR Aleph) 008655797
090 _a9030531
_c9030531
100 _a20130416g19671968|||y0rusy50 ca
101 0 _arus
102 _aRU
105 _ay z |||||
200 1 _aМедицинские проблемы в связи с химизацией народного хозяйства
_e(Материалы пленума Учен. мед. совета М-ва здравоохранения РСФСР, состоявшегося 14-16 апр. 1966 г.)
_fМ-во здравоохранения РСФСР. Моск. науч.-исслед. ин-т гигиены им. Ф.Ф. Эрисмана
210 _aМосква
_cБ. и.
_d1967 [вып. дан. 1968]
215 _a191 с.
_d22
606 _aОтравления ядохимикатами
_jСборники
_2psbo
606 _aХимические вещества
_xТоксичность
_jСборники
_2psbo
712 0 1 _aРСФСР
_bМинистерство здравоохранения
_bУченый медицинский совет
_3RU\NLR\AUTH\8810069538
_9640634
801 0 _aRU
_bNLR
_gpsbo
801 1 _aRU
_bELAR
_2rusmarc
852 _aNLR
_j68-5/5063
942 _cBOOK
980 _aNB